World capital name chain - Statistics

General Stats
  • This quiz has been taken 49 times
  • The average score is 18 of 22
Answer Stats
Hint Answer % Correct
Capital of India New Delhi
100%
Capital of the Ukraine Kiev
98%
Capital of Mexico Mexico City
98%
Capital of the usa Washington
98%
Capital of iceland Reykjavik
94%
Capital of Sweden Stockholm
94%
Capital of Algeria Algiers
91%
Capital of pakistan Islamabad
91%
Capital of latvia Riga
91%
Capital of croatia Zagreb
91%
Capital of Tunisia Tunis
89%
Capital of mongolia Ulaanbaatar
89%
Capital of Liechtenstein Vaduz
87%
Capital of Cyprus Nicosia
85%
Capital of slovenia Ljubljana
83%
Capital of senegal Dakar
79%
Capital of the Dominican Republic Santo Domingo
74%
Capital of Madagascar Antananarivo
72%
Capital of Turkmenista Ashgabat
64%
Capital of Burkina Faso Ouagadougou
60%
Capital of Nauru Yaren
60%
Capital of the gambia Banjul
55%
No matching quizzes found
Score Distribution
Percent of People with Each Score
Percentile by Number Answered
Your Score History
You have not taken this quiz